000 00668nam a22002177a 4500
001 121373
008 230215s1882 xxk||||| |||| 00| 0 eng d
041 _aeng
050 _a692
245 _aQuantities and measurements
_bHow to calculate and take them the workman's guide
250 _a5th
260 _aLondon,
_bCrosby Lockwood and Co,
_c1878
300 _a107
_billus., diagrs.
_c18cm x 11cm
490 _aWeale's Rudimentary Series
500 _aDonated by Mel Arnott of Cross & Hall chartered quantity surveyors
650 _aMEASUREMENT
651 _aUnited Kingdom
690 _96263
_aQuantity surveying
700 _aBeaton, Alfred
942 _n0
999 _c121373
_d121373